000 00928na a2200301 4500
001 15805
003 MIRAKIL
005 20181213154823.0
008 160929b tu 000 0
020 _a9786054307784
035 _a15805
040 _aMilas
_btur
_cTR-AnCHP
082 _a956.22636
_bÖ39b 2010
090 _a956.22636 Ö39b 2010
100 _aÖğüt, Hande
245 _aBomonti'den Harbiye'ye
_cHande Öğüt ; editör Rozerin Doğan
260 _aİstanbul
_bHeyamola yayınları
_c2010
300 _a165 s.
_bres.
_c20 sm.
490 _aHeyamola Yayınları
_v173
651 _aHarbiye (İstanbul)
_xTarih
651 _aBomonti (İstanbul)
_xTarih
651 _aHarbiye (İstanbul)
_xGezi ve tanıtım
651 _aBomonti (İstanbul)
_xGezi ve tanıtım
651 _aİstanbul
_xKültür
_yTarih
651 _aİstanbul
_xTarih
_yGezi ve tanıtım
700 _aDoğan, Rozerin
942 _2dcc
_cBKS
999 _c1457
_d1457